[Event "KGZ-ch U16"]
[Site "Bishkek"]
[Date "2019.01.06"]
[Round "3"]
[White "Onufrienko, Vladislav"]
[Black "Nurlanov, Nurmukhammad"]
[Result "1-0"]
[WhiteElo "1491"]
[BlackElo "1644"]
[PlyCount "43"]
[EventDate "2019.01.04"]
[EventType "swiss"]
[EventRounds "9"]
[EventCountry "KGZ"]
[SourceTitle "CBM 189 Extra"]
[Source "ChessBase"]
[SourceDate "2019.05.31"]
[SourceVersion "1"]
[SourceVersionDate "2019.05.31"]
[SourceQuality "1"]

1. d4 Nf6 2. Nc3 d5 3. Bf4 e6 4. a3 Bd6 5. Bg5 Be7 6. e3 0-0 7. Bd3 Nbd7 8. Nf3 h6 9. h4 c5 10. Bf4 cxd4 11. exd4 Re8 12. Qd2 e5 13. dxe5 Nxe5 14. Nxe5 Bd6 15. 0-0 Bxe5 16. g4 Nxg4 17. Rae1 Qb6 18. Bxe5 Nxe5 19. Nxd5 Qc6 20. Be4 Nc4 21. Qd1 f6 22. Ne7+ 1-0

[Event "Karakol Derbishev Memorial"]
[Site "Karakol"]
[Date "2017.??.??"]
[Round "6"]
[White "Yurkov, Pavel"]
[Black "Nurlanov, Nurmukhammad"]
[Result "1-0"]
[WhiteElo "2325"]
[BlackElo "1623"]
[PlyCount "61"]
[EventDate "2017.08.16"]
[EventType "swiss"]
[EventRounds "9"]
[EventCountry "KGZ"]
[SourceTitle "CBM 180 Extra"]
[Source "ChessBase"]
[SourceDate "2017.10.06"]
[SourceVersion "1"]
[SourceVersionDate "2017.10.06"]
[SourceQuality "1"]

1. d4 d5 2. c4 c6 3. Nf3 Nf6 4. Nc3 e6 5. cxd5 exd5 6. Bg5 Be7 7. e3 0-0 8. Qc2 Re8 9. Bd3 h6 10. Bf4 Nbd7 11. 0-0 Nf8 12. Rab1 Be6 13. b4 b6 14. Ne5 c5 15. bxc5 bxc5 16. Bb5 N8d7 17. Bc6 Rc8 18. Bb7 cxd4 19. Bxc8 Qxc8 20. exd4 Nh5 21. Be3 Nxe5 22. dxe5 Bf5 23. Qb3 Bxb1 24. Rxb1 Bc5 25. Nxd5 Rxe5 26. Bxc5 Qa8 27. Ne7+ Kh8 28. Bd6 Re6 29. Qxe6 fxe6 30. Rb8+ Qxb8 31. Bxb8 1-0